00704nam a2200193 i 450000100060000000300090000600500170001500700030003200800410003510000420007624500800011826000600019830000220025853000350028065000240031565000230033985200370036285601110039927491ES-MaACL20230909063059.0t|030114s1881 sp ||||1| spa d1 aAzcárate, Gumersindo de,d1840-191710aResumen de un debate sobre el problema social / cGumersindo de Azcárate. aMadrid : b[s.n.], c1881 (fImp. Biblioteca Universal) a272 p. ; c19 cm. aDisponible en formato digital. 4aDesigualdad social.04aPolítica social. aES-MaACLjR-2254. Olim: E-12766- uhttps://bibliotecadigital.jcyl.es/es/consulta/registro.do?id=4921zBiblioteca Digital de Castilla y León